00416nam a22001337a 4500008004100000040005500041080001700096100002000113245004900133260005400182300001600236650001700252653001300269230510b |||||||| |||| 00| 0 eng d aNational Science LibrarycNational Science Library a802.0-54bK5 aAyers, Donald M aEnglish words from Latin and Greek elements  aTucson: bThe University of Arizona Press, c1965 axiii, 271p. aLinguistics  aEnglish